000 00614nam a2200181Ia 4500
008 090630s9999 xx 000 0 und d
082 _b20890
100 _aतेलकर श्रीधर.
245 _aराणी चेन्नमा.
_cतेलकर श्रीधर.
260 _bव्हिनस - पुणे.
_c1969
300 _a51
600 _aतेलकर श्रीधर.
630 _aराणी चेन्नमा.
655 _aचरित्र.
700 _aतेलकर श्रीधर.
730 _aराणी चेन्नमा.
942 _cBOOK
999 _c272746
_d272746